000 00496nam a2200181Ia 4500
003 OSt
005 20241109093330.0
008 210210b1950 xxu||||| |||| 00| 0 eng d
040 _cAL
041 _akan
082 _a859/329
100 _aKRASHNAMURTI NA
_9148974
_dಕೃಷ್ಣಮೂರ್ತಿ ನಾ
245 _aDandiya kategalu 1:
_bದಂಡಿಯ ಕತೆಗಳು 1
260 _aBengaluru
_b-
_c1950
690 _aKannada Fiction
_9148975
906 _a021200
942 _2ddc
_cBK
999 _c145263
_d145263